000 00487nam a2200169Ia 4500
003 GCL
008 140319s9999 xx 000 0 ara d
040 _aGCL /
_cGCL
082 0 4 _a3398.2
_bش ا
100 1 _aشوقى الزهرة
245 1 0 _aاثر السيرة الشعبية /
_cشوقى الزهرة
260 _a[S.N] :
_bدار الزهراء للنشر والتوزيع ،
_c1991
300 _a211 ص
490 _a
650 0 4 _aالادب الشعبى
942 _2ddc
_cBK
999 _c54067
_d54067